[Event "IRI-ch Online"]
[Site "Chess.com INT"]
[Date "2021.03.17"]
[Round "5"]
[White "Daneshvar, Kasra"]
[Black "Nadimifar, Adnan"]
[Result "1/2-1/2"]
[WhiteElo "1417"]
[BlackElo "2210"]
[PlyCount "76"]
[EventDate "2021.03.15"]
[EventType "swiss (rapid)"]
[EventRounds "11"]
[EventCountry "IRI"]
[SourceTitle "CBM 201 Extra"]
[Source "ChessBase"]
[SourceDate "2021.05.31"]
[SourceVersion "1"]
[SourceVersionDate "2021.05.31"]
[SourceQuality "1"]

1. e4 c5 2. d4 cxd4 3. c3 Nf6 4. e5 Nd5 5. cxd4 Nc6 6. Nf3 d6 7. Bc4 dxe5 8. dxe5 Ndb4 9. a3 Qxd1+ 10. Kxd1 Na6 11. Bxa6 bxa6 12. h3 a5 13. Nc3 Ba6 14. Kc2 g6 15. Rd1 Bg7 16. Bf4 h6 17. Rd5 Rd8 18. Rad1 0-0 19. Be3 Rxd5 20. Rxd5 Bc8 21. Rc5 Bd7 22. Nd5 Re8 23. Nf4 e6 24. Nd3 Rb8 25. Bd2 a6 26. Bc3 Rb7 27. Nd2 Bf8 28. Ne4 Be7 29. Nf6+ Bxf6 30. exf6 a4 31. Rc4 Na7 32. Nc5 Rc7 33. Rd4 Rxc5 34. Rxd7 Nb5 35. Rd8+ Kh7 36. Rd7 Kg8 37. Rd8+ Kh7 38. Rd7 Kg8 1/2-1/2

[Event "IRI-ch Online"]
[Site "Chess.com INT"]
[Date "2021.03.15"]
[Round "1"]
[White "Chavari, Mohammad Mahdi"]
[Black "Daneshvar, Kasra"]
[Result "1-0"]
[WhiteElo "2060"]
[BlackElo "1417"]
[PlyCount "77"]
[EventDate "2021.03.15"]
[EventType "swiss (rapid)"]
[EventRounds "11"]
[EventCountry "IRI"]
[SourceTitle "CBM 201 Extra"]
[Source "ChessBase"]
[SourceDate "2021.05.31"]
[SourceVersion "1"]
[SourceVersionDate "2021.05.31"]
[SourceQuality "1"]

1. Nf3 e6 2. g3 d5 3. Bg2 f5 4. c4 Nf6 5. 0-0 Bd6 6. Nc3 c6 7. d3 e5 8. cxd5 cxd5 9. Nb5 0-0 10. b3 a6 11. Nxd6 Qxd6 12. a4 Re8 13. Ba3 Qb6 14. d4 e4 15. Ne5 Nbd7 16. Nxd7 Bxd7 17. Bc5 Qe6 18. Rc1 b6 19. Ba3 e3 20. f3 Rac8 21. Qd3 Ra8 22. Rc3 f4 23. gxf4 Nh5 24. f5 Qf6 25. f4 Bxf5 26. Bxd5+ Kh8 27. Qc4 Qg6+ 28. Kh1 Be4+ 29. Bxe4 Qxe4+ 30. Rf3 Qxf3+ 31. exf3 e2 32. Rc1 e1Q+ 33. Rxe1 Rxe1+ 34. Kg2 Nxf4+ 35. Kg3 g5 36. Bd6 Rg1+ 37. Kf2 Rg2+ 38. Kf1 Rxh2 39. Be5# 1-0